Propuesta de un plan de negocio para el establecimiento de una nueva sucursal de la tienda celulares TELCMAX

El presente documento propone un plan de negocio que permita comprender las metas y estructuras que generalmente rigen a un proyecto de este tipo, arrancando con estudio de mercado potencial nuevo y el consolidado, el impacto que tendrá el proyecto en las sucursales ya establecidas y las estrategia...

Full description

Bibliographic Details
Main Authors: Blandino Hernández, Jezdy Alexander, Reyes Baca, Humberto José, Mendoza Salazar, Jennifer Yahoska
Other Authors: Tutor: Sánchez García, Marvin Rene
Format: Tesis Section = Libro
Language:Undetermined
Spanish
Published: Managua UNI 2014
Subjects:
LEADER 01262nam a2200277Ia 4500
008 240830s9999 xx 000 0 und d
040 |a BIBLIOTECA-RUPAP T.Mon 658.57 B642 
041 |a spa 
082 |a T.Mon 658.57 B642 
100 1 |a Blandino Hernández, Jezdy Alexander 
100 1 |b  Reyes Baca, Humberto José 
100 1 |c  Mendoza Salazar, Jennifer Yahoska 
245 1 0 |a Propuesta de un plan de negocio para el establecimiento de una nueva sucursal de la tienda celulares TELCMAX 
260 |a Managua  |b UNI  |c 2014 
300 |a 102 p. :il. 
500 |a Contiene: anexos e Incluye: CD. 
502 |a Tesis (Ingeniero de Sistemas)- UNI, 2014. 
520 3 |a El presente documento propone un plan de negocio que permita comprender las metas y estructuras que generalmente rigen a un proyecto de este tipo, arrancando con estudio de mercado potencial nuevo y el consolidado, el impacto que tendrá el proyecto en las sucursales ya establecidas y las estrategias de mercado que se incorporen. 
650 7 |a ADMINISTRACIÓN – INVESTIGACION 
650 7 |b PLANEACION ESTRATÉGICA 
650 7 |c ANÁLISIS DE LA COMPETENCIA 
650 7 |d NEGOCIO 
700 1 |a Tutor:  |b Sánchez García, Marvin Rene 
942 |c BK  |2 ddc 
991 |a TESIS 
999 |c 18687